<?xml version="1.0" encoding="UTF-8"?>
<record
    xmlns:xsi="http://www.w3.org/2001/XMLSchema-instance"
    xsi:schemaLocation="http://www.loc.gov/MARC21/slim http://www.loc.gov/standards/marcxml/schema/MARC21slim.xsd"
    xmlns="http://www.loc.gov/MARC21/slim">

  <leader>01260namaa22003131i 4500</leader>
  <controlfield tag="005">20260303112336.0</controlfield>
  <controlfield tag="008">260114s1996    ua a|||frm||| 000 0 eng d</controlfield>
  <datafield tag="040" ind1=" " ind2=" ">
    <subfield code="a">EG-GICUC</subfield>
    <subfield code="b">eng</subfield>
    <subfield code="c">EG-GICUC</subfield>
    <subfield code="d">EG-GICUC</subfield>
    <subfield code="e">rda</subfield>
  </datafield>
  <datafield tag="041" ind1="0" ind2=" ">
    <subfield code="a">eng</subfield>
    <subfield code="b">eng</subfield>
    <subfield code="b">ara</subfield>
  </datafield>
  <datafield tag="049" ind1=" " ind2=" ">
    <subfield code="a">Deposit</subfield>
  </datafield>
  <datafield tag="097" ind1=" " ind2=" ">
    <subfield code="a">M.Sc</subfield>
  </datafield>
  <datafield tag="099" ind1=" " ind2=" ">
    <subfield code="a">Cai01.11.15.M.Sc.1996.Ha.L</subfield>
  </datafield>
  <datafield tag="100" ind1="0" ind2=" ">
    <subfield code="a">Hatem Mohamed Abdallah,</subfield>
    <subfield code="e">preparation.</subfield>
  </datafield>
  <datafield tag="245" ind1="1" ind2="0">
    <subfield code="a">Laser in gynaecology / </subfield>
    <subfield code="c">By Hatem Mohamed Abdallah ; Supervised By Prof. Dr. Mohamed Alaa Eldin Shafik, Prof. Dr. Hesham Murad Mohamed.</subfield>
  </datafield>
  <datafield tag="246" ind1="1" ind2="5">
    <subfield code="a">&#x625;&#x633;&#x62A;&#x62E;&#x62F;&#x627;&#x645;&#x627;&#x62A; &#x623;&#x634;&#x639;&#x629; &#x627;&#x644;&#x644;&#x64A;&#x632;&#x631; &#x641;&#x649; &#x623;&#x645;&#x631;&#x627;&#x636; &#x627;&#x644;&#x646;&#x633;&#x627;&#x621;</subfield>
  </datafield>
  <datafield tag="264" ind1=" " ind2="0">
    <subfield code="c">1996.</subfield>
  </datafield>
  <datafield tag="300" ind1=" " ind2=" ">
    <subfield code="a">109 pages : </subfield>
    <subfield code="b">illustrations ; </subfield>
    <subfield code="c">30 cm. + </subfield>
  </datafield>
  <datafield tag="336" ind1=" " ind2=" ">
    <subfield code="2">rda content</subfield>
    <subfield code="a">text</subfield>
  </datafield>
  <datafield tag="337" ind1=" " ind2=" ">
    <subfield code="2">rdamedia</subfield>
    <subfield code="a">Unmediated</subfield>
  </datafield>
  <datafield tag="338" ind1=" " ind2=" ">
    <subfield code="2">rdacarrier</subfield>
    <subfield code="a">volume</subfield>
  </datafield>
  <datafield tag="502" ind1=" " ind2=" ">
    <subfield code="a">Thesis (M.Sc.)-Cairo University, 1996.  </subfield>
  </datafield>
  <datafield tag="504" ind1=" " ind2=" ">
    <subfield code="a">Bibliography: pages 98-105</subfield>
  </datafield>
  <datafield tag="653" ind1=" " ind2="0">
    <subfield code="a">gynaecology obs</subfield>
    <subfield code="a">Laser</subfield>
  </datafield>
  <datafield tag="700" ind1="0" ind2=" ">
    <subfield code="a">Mohamed Alaa Eldin Shafik</subfield>
    <subfield code="e">thesis advisor.</subfield>
  </datafield>
  <datafield tag="700" ind1="0" ind2=" ">
    <subfield code="a">Hesham Murad Mohamed</subfield>
    <subfield code="e">thesis advisor.</subfield>
  </datafield>
  <datafield tag="900" ind1=" " ind2=" ">
    <subfield code="D">Department of Obstetrics and Gynaecology</subfield>
    <subfield code="F">Faculty of Medicine </subfield>
    <subfield code="U">Cairo University</subfield>
    <subfield code="b">1996</subfield>
    <subfield code="c">Mohamed Alaa Eldin Shafik</subfield>
    <subfield code="c">Hesham Murad Mohamed</subfield>
  </datafield>
  <datafield tag="905" ind1=" " ind2=" ">
    <subfield code="a">Nermeen-A</subfield>
    <subfield code="e">Nourhan</subfield>
  </datafield>
  <datafield tag="942" ind1=" " ind2=" ">
    <subfield code="2">ddc</subfield>
    <subfield code="c">TH</subfield>
    <subfield code="e">21</subfield>
    <subfield code="n">0</subfield>
  </datafield>
  <datafield tag="999" ind1=" " ind2=" ">
    <subfield code="c">177695</subfield>
  </datafield>
  <datafield tag="952" ind1=" " ind2=" ">
    <subfield code="2">ddc</subfield>
    <subfield code="9">313671</subfield>
    <subfield code="a">CUCL</subfield>
    <subfield code="b">100</subfield>
    <subfield code="d">2026-01-14</subfield>
    <subfield code="i">27831</subfield>
    <subfield code="o">Cai01.11.15.M.Sc.1996.Ha.L</subfield>
    <subfield code="p">01010110027831000</subfield>
    <subfield code="r">2026-01-14 13:57:37</subfield>
    <subfield code="w">2026-01-14</subfield>
    <subfield code="y">TH</subfield>
  </datafield>
</record>
